Statistics for South Park Trivia

Click here to take the quiz!

General Stats

  • This quiz has been taken 16,343 times
  • The average score is 13 of 20

Answer Stats

HintAnswer% Correct
State where the show takes placeColorado
95%
Fill-in-the-blankThey killed {Kenny}
91%
Fill-in-the-blankI'm not fat, I'm {big}-{boned}
84%
Fill-in-the-blankScrew you guys, I'm {going} {home}
83%
Fill-in-the-blank{Respect} my authoritah
81%
Cartman's superhero alter-egoThe Coon
75%
Satan's abusive boyfriendSaddam Hussein
73%
Co-creators of the showTrey Parker
73%
Co-creators of the showMatt Stone
69%
Person who searches for ManBearPigAl Gore
66%
Celebrity who is trapped in the closetTom Cruise
66%
Where imaginary characters liveImaginationland
61%
Kenny's superhero alter-egoMysterion
58%
The cure for AIDSMoney
57%
Movie that Randy mixed up with a pornThe Fellowship
of the Ring
55%
Character whose memoir is "A Million Little Fibers"Towelie
53%
Butter's birth nameLeopold
52%
Fill-in-the-blankMake love, not {Warcraft}
45%
Voice of the ChefIsaac Hayes
40%
Fill-in-the-blankIt's coming right {for} {us}
31%

Score Distribution

Percentile by Number Answered

Percent of People with Each Score

Your Score History

You have not taken this quiz